Hozier - All Songs - Statistics

General Stats
  • This quiz has been taken 14 times
  • The average score is 39 of 87
Answer Stats
Hint Answer % Correct
Hozier Take Me To Church
91%
Take Me To Church - Live
91%
Cherry Wine - Live
82%
Unreal Unearth De Selby (Part 1)
82%
De Selby (Part 2)
82%
Francesca
82%
Almost (Sweet Music)
73%
Be
73%
Be - Acoustic
73%
Eat Your Young
73%
First Time
73%
From Eden
73%
Deluxe Edition From Eden - Live
73%
Jackie And Wilson
73%
Jackie And Wilson - Live
73%
Like Real People Do
73%
Wasteland, Baby! Nina Cried Power
73%
Someone New
73%
Someone New - Live
73%
Sunlight
73%
Dinner and Diatribes
64%
First Light
64%
In A Week (feat. Karen Cowley)
64%
It Will Come Back
64%
July
64%
Run
64%
Son of Nyx
64%
Unending Too Sweet
64%
Wildflower and Barley (feat. Allison Russel)
64%
Work Song
64%
Work Song - Live
64%
Angel Of Small Death & The Codeine Scene
55%
I, Carrion (Icarian)
55%
Movement
55%
Nobody
55%
Shrike
55%
Special Edition Shrike - Live At Windmill Lane Studios
55%
Through Me (The Flood)
55%
To Be Alone
55%
Unknown / Nth
55%
Wasteland, Baby!
55%
Would That I
55%
Abstract (Psychopomp)
45%
All Things End
45%
As It Was
45%
Empire Now
45%
Fare Well
45%
Foreigner’s God
45%
Hymn To Virgil
45%
Special Edition In The Woods Somewhere
45%
Moment’s Silence (Common Tongue)
45%
Nobody’s Soldier
45%
That You Are (feat. Bedouine)
45%
Arsonist's Lullabye
36%
Butchered Tongue
36%
Damage Gets Done (feat. Brandi Carlisle)
36%
Do I Wanna Know - Live At The BBC
36%
NFWMB
36%
No Plan
36%
Northern Attitude - Noah Kahan
36%
Sedated
36%
Talk
36%
To Noise Making (Sing)
36%
To Someone From A Warm Climate (Uiscefhuaraithe)
36%
Anything But
27%
Who We Are
27%
Blood
18%
Bullseye - Lucy Dacus
18%
Jackboot Jump - Live
18%
Problem/Regulate - BBC Live Lounge
18%
Singles Better Love - Legend of Tarzan
9%
Blood Upon the Snow
9%
But The Wages
9%
Unreleased I Could Be Yours
9%
My Love Will Never Die
9%
Tell It To My Heart - MEDUZA
9%
The Bones - Maren Morris
9%
The Parting Glass - Live From The Late Show
9%
Why Would You Be Loved
9%
Collabs In Your Own Sweet Time - Zaska
0%
La Chanson De Mardi Gras - Anúna
0%
Lay Me Down - BBC Live Lounge
0%
Love Of
0%
Rio - G Frequency
0%
The First Time I Ever Saw Your Face - Barbara Streisand
0%
The Humours of Whiskey
0%
Whole Lotta Love - The Dermot O’Leary Saturday Sessions Show
0%
No matching quizzes found
Score Distribution
Percent of People with Each Score
Percentile by Number Answered
Your Score History
You have not taken this quiz